Správa z diagnostického vyšetrenia
Legislatívne vymedzenie pojmu "správy z diagnostického vyšetrenia" v kontexte zmien a doplnení niektorých zákonov, metodické pokyny pre odborných zamestnancov škôl a školských zariadení. Odporúčania pri ich dodržiavaní podľa Výskumného ústavu detskej psychológie a patopsychológie a Mininsterstva ško...
Guardado en:
| Autor principal: | |
|---|---|
| Formato: | Capítulo de libro |
| Lenguaje: | eslovaco |
| Materias: | |
| Etiquetas: |
Sin Etiquetas, Sea el primero en etiquetar este registro!
|
MARC
| LEADER | 00000naa a2200000 4500 | ||
|---|---|---|---|
| 001 | 0216051 | ||
| 005 | 20231127103659.3 | ||
| 041 | 0 | |a slo | |
| 044 | |a SK | ||
| 245 | 1 | 0 | |a Správa z diagnostického vyšetrenia |c Anna Böhmerová |
| 520 | |a Legislatívne vymedzenie pojmu "správy z diagnostického vyšetrenia" v kontexte zmien a doplnení niektorých zákonov, metodické pokyny pre odborných zamestnancov škôl a školských zariadení. Odporúčania pri ich dodržiavaní podľa Výskumného ústavu detskej psychológie a patopsychológie a Mininsterstva školstva, vedy, výskumu a športu SR. | ||
| 610 | 2 | 0 | |a školstvo |
| 610 | 2 | 0 | |a školy |
| 610 | 2 | 0 | |a zariadenia školské |
| 610 | 2 | 0 | |a sústava výchovno-vzdelávacia |
| 610 | 2 | 0 | |a pedagogika špeciálna |
| 610 | 2 | 0 | |a diagnostikácia |
| 610 | 2 | 0 | |a vzdelávanie |
| 610 | 2 | 0 | |a vyučovanie |
| 610 | 2 | 0 | |a kvalita vzdelávania |
| 100 | 1 | |a Böhmerová, Anna | |